Complex variables and the Laplace transform for engineers (Record no. 13856)

000 -LEADER
fixed length control field 00606nam a22002051 4500
001 - CONTROL NUMBER
control field 13856
003 - CONTROL NUMBER IDENTIFIER
control field BD-DhUET
008 - FIXED-LENGTH DATA ELEMENTS--GENERAL INFORMATION
fixed length control field 840622s1961 nyua b 000 0 eng
040 ## - CATALOGING SOURCE
Original cataloging agency DLC
Transcribing agency DLC
Modifying agency BD-DhUET
082 00 - DEWEY DECIMAL CLASSIFICATION NUMBER
Classification number 517.862
Item number LEP/1961
100 ## - MAIN ENTRY--PERSONAL NAME
Personal name LePage, Wilbur R.
245 10 - TITLE STATEMENT
Title Complex variables and the Laplace transform for engineers
250 ## - EDITION STATEMENT
Edition statement 1st ed.
260 ## - PUBLICATION, DISTRIBUTION, ETC. (IMPRINT)
Place of publication, distribution, etc. Bombay
Name of publisher, distributor, etc. McGraw-Hill
Date of publication, distribution, etc. 1961
300 ## - PHYSICAL DESCRIPTION
Extent xvi, 475 p.
Other physical details ill.
Dimensions 24 cm.
490 ## - SERIES STATEMENT
Series statement International series in pure and applied mathematics
504 ## - BIBLIOGRAPHY, ETC. NOTE
Bibliography, etc Includes bibliographies
650 #0 - SUBJECT ADDED ENTRY--TOPICAL TERM
Topical term or geographic name as entry element Calculus - Complex variables
942 ## - ADDED ENTRY ELEMENTS (KOHA)
Koha item type General Book
Holdings
Not for loan Koha normalized classification for sorting Withdrawn status Price effective from Koha item type Koha date last seen Copy number Koha full call number Location (home branch) Sublocation or collection (holding branch) Damaged status Shelving location Date acquired Lost status Piece designation (barcode) Source of classification or shelving scheme
 517_862000000000000_LEP_1961 2015-03-05General Book2015-03-051517.862/LEP/1961Central Library, BUETCentral Library, BUET Circulation section2015-03-05 40116 
 517_862000000000000_LEP_1961 2015-03-05General Book2015-03-052517.862/LEP/1961Central Library, BUETCentral Library, BUET Circulation section2015-03-05 24385 
 517_862000000000000_LEP_1961 2015-03-07General Book2015-03-073517.862/LEP/1961Central Library, BUETCentral Library, BUET Circulation section2015-03-07 6374 
 517_862000000000000_LEP_1961 2015-03-07General Book2015-03-074517.862/LEP/1961Central Library, BUETCentral Library, BUET Circulation section2015-03-07 51027 
 517_862000000000000_LEP_1961 2015-03-07General Book2015-03-075517.862/LEP/1961Central Library, BUETCentral Library, BUET Circulation section2015-03-07 20963 
 517_862000000000000_LEP_1961 2015-03-07General Book2015-03-076517.862/LEP/1961Central Library, BUETCentral Library, BUET Circulation section2015-03-07 42659 
 517_862000000000000_LEP_1961 2015-03-07General Book2015-03-077517.862/LEP/1961Central Library, BUETCentral Library, BUET Circulation section2015-03-07 40115 
 517_862000000000000_LEP_1961 2015-03-07General Book2015-03-078517.862/LEP/1961Central Library, BUETCentral Library, BUET Circulation section2015-03-07 39671 
 517_862000000000000_LEP_1961 2015-03-07General Book2015-03-079517.862/LEP/1961Central Library, BUETCentral Library, BUET Circulation section2015-03-07 39670 
 517_862000000000000_LEP_1961 2015-03-07General Book2015-03-0710517.862/LEP/1961Central Library, BUETCentral Library, BUET Circulation section2015-03-07 42660 
 517_862000000000000_LEP_1961 2015-03-09General Book2015-03-0911517.862/LEP/1961Central Library, BUETCentral Library, BUET Circulation section2015-03-09 42661 
 517_862000000000000_LEP_1961 2015-03-09General Book2015-03-0912517.862/LEP/1961Central Library, BUETCentral Library, BUET Circulation section2015-03-09 51026 
 517_862000000000000_LEP_1961 2015-05-03General Book2015-05-0313517.862/LEP/1961Central Library, BUETCentral Library, BUET Circulation section2015-05-03 2039 
 517_862000000000000_LEP_1961 2015-05-03General Book2015-05-0314517.862/LEP/1961Central Library, BUETCentral Library, BUET Circulation section2015-05-03 6375 
 517_862000000000000_LEP_1961 2015-05-03General Book2015-05-0315517.862/LEP/1961Central Library, BUETCentral Library, BUET Circulation section2015-05-03 2041 
 517_862000000000000_LEP_1961 2015-05-03General Book2015-05-0316517.862/LEP/1961Central Library, BUETCentral Library, BUET Circulation section2015-05-03 2040